000 00778nam a2200265Ia 4500
001 Para_3571
003 CHAP
008 220125s1939 xx 000 0 und d
010 _a202095
040 _cCHAP
090 _aPA FOLLETO 1169
100 _aRitcher, P. O
_997514
245 _aThe strawberry crown borer Tyloderma fragariae (Riley) /
_c P.O. Ritcher
260 _aLexington, Kentucky :
_b Agricultural Experiment Station
300 _a35 p.
440 _aKentucky. Agri. Exp. Sta., Bull.; 389
_9167106
650 _aFresa
_x Plagas Tyloderma fragariae
_9167107
901 _aPA FOLLETO 1169
902 _aM
905 _a0000001939 LEX 0000000000 00
910 _a1939
942 _cPARA
942 _cPARA
_d1
999 _c202095
_d202095